Object models : Strategies, patterns, and applications
Connie's convenience store (A point-of-sale application); Wally's warehouse (a warehouse application); Ollie's order center (an order-entry application); Dani's diverters (a soft real - time conveyance application); All five application, at high speed; Strategies and patterns han...
Zapisane w:
| 1. autor: | |
|---|---|
| Format: | Książka |
| Język: | Undetermined |
| Wydane: |
New Jerrey
Yourdon Press
1997
|
| Hasła przedmiotowe: | |
| Etykiety: |
Dodaj etykietę
Nie ma etykietki, Dołącz pierwszą etykiete!
|
| Thư viện lưu trữ: | Trung tâm Học liệu Trường Đại học Cần Thơ |
|---|
| LEADER | 01051nam a2200229Ia 4500 | ||
|---|---|---|---|
| 001 | CTU_23339 | ||
| 008 | 210402s9999 xx 000 0 und d | ||
| 082 | |a 005.12 | ||
| 082 | |b C652 | ||
| 100 | |a Coad, Peter | ||
| 245 | 0 | |a Object models : | |
| 245 | 0 | |b Strategies, patterns, and applications | |
| 245 | 0 | |c Peter Coad, David North, Mark Mayfield. | |
| 260 | |a New Jerrey | ||
| 260 | |b Yourdon Press | ||
| 260 | |c 1997 | ||
| 520 | |a Connie's convenience store (A point-of-sale application); Wally's warehouse (a warehouse application); Ollie's order center (an order-entry application); Dani's diverters (a soft real - time conveyance application); All five application, at high speed; Strategies and patterns handbook. | ||
| 526 | |a Phân tích và thiết kế hệ thống nâng cao | ||
| 526 | |b CT609 | ||
| 650 | |a Lập trình hướng đối tượng (Khoa học máy tính),Object-oriented programming (Computer science) | ||
| 904 | |i Quyên,980523 | ||
| 980 | |a Trung tâm Học liệu Trường Đại học Cần Thơ | ||